00459 2200181 4500001002100000008004100021035002000062245002700082100001500109250001000124260004600134300003000180020002200210084001400232082000800246650001000254990001300264INLIS000000000002399 ind  a0010-0123000003 aSixth SensecBia Nindy aNindy, Bia aCet.2 aYogyakarta :bEfde Media Publisher,c2020 axi, 335 hlm,c14 x 21 cm. a978-602-52268-4-7 a813 NIN s a813 aFiksi a11903096